000 00498nam a2200217Ia 4500
001 12987
003 GE_BSU
008 181216s||||||||xx |||||||||||||| ||und||
020 _a9780553817065
040 _cGE_BSU
080 _a821.111-32
100 _aGerritsen,Tess.
245 4 _aThe Surgeon.
245 _bIndependent on sunday.
260 _aLondon.
260 _bBanatam Books.
260 _c2001
300 _a430p;18cm.
653 _aThe Surgeon.Independent on sunday.
942 _cBK
999 _c46155
_d46155